000 01037cai a22001815a 4500
001 L145707
008 081103c xxkao f 000 0 eng d
035 _a(Sirsi) u145707
041 0 _aeng
110 2 _aInternational Association of Assessing Officers
_92591
245 0 0 _aInternational Association of assessing Officers
_h[electronic resource]
520 _aWebsite for the International Association of Assessing Officers (IAAO), a non profit educational and research association with more than 8 000 members worldwide. The stated mission of the association is the promotion of innovation and excellence in property appraisal, assessment administration and property tax policy. Website supports these aims through the provision of membership information, news on meetings and education and access to a range of electronic resources.
590 _aKA
651 4 _aUnited States
_y1959-
690 _aPlanning and development
_96259
856 4 0 _uhttps://www.iaao.org/
_zView the website free of charge at www.iaao.org...
942 _n0
999 _c120718
_d120718